| 000 | 00413nam a22001457a 4500 | ||
|---|---|---|---|
| 005 | 20250630095057.0 | ||
| 008 | 250630b |||||||| |||| 00| 0 eng d | ||
| 020 | _a9780802808820 | ||
| 050 |
_aBS2096 _b.E8 WUE |
||
| 100 | _aKENNETH S. WUEST | ||
| 245 |
_aTHE NEW TASTAMENT; _bAN EXPANDED TRANSLATION |
||
| 260 |
_aMICHIGAN _bW.B. B. EERDMANS PUBLISHING COMPANY _cc1961 |
||
| 300 | _axvii, 624p | ||
| 942 |
_2lcc _cBK _n0 |
||
| 999 |
_c6777 _d6777 |
||